000 00550nam a2200169Ia 4500
003 GCL
008 140319s9999 xx 000 0 ara d
040 _aGCL /
_cGCL
082 0 4 _a001.5
_bم ك
100 1 _aمحمد بن عبدالرحمن
245 1 0 _aكيف تؤثر وسائل الاعلام ? دراسة فى النظريات فى الاساليب /
_cمحمد بن عبدالرحمن
300 _a80 ص
490 _a100 قصة
_v0
650 0 4 _aالاعلام
650 0 4 _aالسعودية - وسائل الاعلام
942 _2ddc
_cBK
999 _c43311
_d43311